Руководство для плавания из Кронштадта во Владивосток и обратно. Вып. 4: Английский канал (Запись № 12899091)

Подробности
000 -МАРКЕР
контрольное поле 03550nam2a2200361 4500
001 - ИДЕНТИФИКАТОР ЗАПИСИ
контрольное поле RU\NLR\BIBL_A\016275212
005 - ИДЕНТИФИКАТОР ВЕРСИИ
контрольное поле 20260406101646.0
035 ## - ДРУГИЕ СИСТЕМНЫЕ НОМЕРА
Идентификатор записи (NLR Aleph) 016275212
100 ## - ДАННЫЕ ОБЩЕЙ ОБРАБОТКИ
Данные общей обработки 20230201d1903 |||y0rusy50 ca
101 0# - ЯЗЫК РЕСУРСА
Язык текста, звукозаписи и т.д. русский
102 ## - СТРАНА ПУБЛИКАЦИИ ИЛИ ПРОИЗВОДСТВА
Страна публикации российская федерация
105 ## - ПОЛЕ КОДИРОВАННЫХ ДАННЫХ: ТЕКСТОВЫЕ МАТЕРИАЛЫ, МОНОГРАФИЧЕСКИЕ
Кодированные данные о монографическом текстовом документе adb g 000 y
200 1# - ЗАГЛАВИЕ И СВЕДЕНИЯ ОБ ОТВЕТСТВЕННОСТИ
Основное заглавие Английский канал
Первые сведения об ответственности издание Главного Гидрографического Управления М.М.
Последующие сведения об ответственности [составители: Барон Ф.Ф. Врангель и Лейтенанты: В.Я. Ивановский и Д.С. Свербеев, при содействии М.А. Клыкова]
210 ## - ПУБЛИКАЦИЯ, РАСПРОСТРАНЕНИЕ И ДР.
Место издания, распространения и т.д. С.-Петербург
Имя издателя, распространителя и т. д. Товарищество Р. Голике и А. Вильборг
Дата издания, распространения и т.д. 1903
215 ## - ФИЗИЧЕСКАЯ ХАРАКТЕРИСТИКА
Специфическое обозначение материала и объем VII, 296 с., 21 л. ил., карт.
Другие сведения о физической характеристике ил.
Размеры 23
300 ## - ОБЩИЕ ПРИМЕЧАНИЯ
Текст примечания Составители указаны в Предисловии
311 ## - ПРИМЕЧАНИЯ, ОТНОСЯЩИЕСЯ К ПОЛЯМ СВЯЗИ (ПРИМЕЧАНИЯ О СВЯЗИ С ДРУГИМИ ПРОИЗВЕДЕНИЯМИ (ИЗДАНИЯМИ))
Текст примечания Дополнения и поправки к 4-му выпуску Руководства для плавания из Кронштадта во Владивосток и обратно, издания 1903 года. Английский канал / издано Главным Гидрографическим Управлением Морского Министерства. - 1904-1918 (шифры: 20.48.5.4 (4, доп. 1-8); МБР-I-10162 (4, доп. 9))
320 ## - ПРИМЕЧАНИЯ О НАЛИЧИИ В ДОКУМЕНТЕ БИБЛИОГРАФИИ / УКАЗАТЕЛЯ
Текст примечания Алфавитный указатель: с. 289-296
421 #0 - ПРИЛОЖЕНИЕ
Встроенное поле 2001#$aДополнения и поправки к 4-му выпуску Руководства для плавания из Кронштадта во Владивосток и обратно, издания 1903 года. Английский канал$fиздано Главным Гидрографическим Управлением Морского Министерства
-- 210##$aС.-Петербург$cТипография Морского Министерства, в Главном Адмиралтействе$d1904-1918
-- 215##$a9 т.$d23
-- 700#1
Заглавие Дополнения и поправки к 4-му выпуску Руководства для плавания из Кронштадта во Владивосток и обратно, издания 1903 года. Английский канал
Автор
461 #0 - УРОВЕНЬ НАБОРА
Встроенное поле 001RU\NLR\BIBL_A\016273971
-- 2001#$aРуководство для плавания из Кронштадта во Владивосток и обратно$vВып. 4
Системный номер (АБИС) связанной записи 12895436
Место публикации С.-Петербург
Дата публикации 1899
Первые сведения об ответственности издание Главного Гидрографического Управления
Имя издателя, распространителя и т.д. Типо-Литография Р. Голике
Заглавие Руководство для плавания из Кронштадта во Владивосток и обратно
Номер тома Вып. 4
607 ## - ГЕОГРАФИЧЕСКОЕ НАИМЕНОВАНИЕ КАК ПРЕДМЕТ
Географическое наименование Па-де-Кале, пролив
Тематический подзаголовок Лоция
Системный номер авторитетной/нормативной записи 1801758
Идентификатор авторитетной/нормативной записи RU\NLR\AUTH\66811819
607 ## - ГЕОГРАФИЧЕСКОЕ НАИМЕНОВАНИЕ КАК ПРЕДМЕТ
Географическое наименование Ла-Манш, пролив
Тематический подзаголовок Лоция
Системный номер авторитетной/нормативной записи 989142
Идентификатор авторитетной/нормативной записи RU\NLR\AUTH\6655388
686 1# - ИНДЕКСЫ ДРУГИХ КЛАССИФИКАЦИЙ
Индекс О471.12,1(922.3)
702 #1 - ИМЯ ЛИЦА - ВТОРИЧНАЯ ОТВЕТСТВЕННОСТЬ
Код отношения Составитель
Материалы, к которым относится поле rus
Графика поля Кириллица
Начальный элемент ввода Врангель
Часть имени, кроме начального элемента ввода Ф. Ф.
Даты 1844-1919
Расширение инициалов личного имени Фердинанд Фердинандович
Идентификатор авторитетной/нормативной записи RU\NLR\AUTH\7780896
Системный номер авторитетной/нормативной записи 63824
702 #1 - ИМЯ ЛИЦА - ВТОРИЧНАЯ ОТВЕТСТВЕННОСТЬ
Начальный элемент ввода Ивановский
Часть имени, кроме начального элемента ввода В. Я.
Даты 1864-1924
Расширение инициалов личного имени Виктор Яковлевич
Код отношения Составитель
702 #1 - ИМЯ ЛИЦА - ВТОРИЧНАЯ ОТВЕТСТВЕННОСТЬ
Начальный элемент ввода Свербеев
Часть имени, кроме начального элемента ввода Д. С.
Код отношения Составитель
702 #1 - ИМЯ ЛИЦА - ВТОРИЧНАЯ ОТВЕТСТВЕННОСТЬ
Код отношения Составитель
Графика поля Кириллица
Материалы, к которым относится поле rus
Начальный элемент ввода Клыков
Часть имени, кроме начального элемента ввода М. А.
Даты 1834-1910
Расширение инициалов личного имени Михаил Аввакумович
Системный номер авторитетной/нормативной записи 129418
Идентификатор авторитетной/нормативной записи RU\NLR\AUTH\770129449
852 ## - МЕСТОНАХОЖДЕНИЕ И ШИФР ХРАНЕНИЯ
Идентификатор организации NLR
Шифр хранения (Call Number) 20.48.5.4 (4)
852 ## - МЕСТОНАХОЖДЕНИЕ И ШИФР ХРАНЕНИЯ
Идентификатор организации NLR
Шифр хранения (Call Number) МБР-I-3745 (4)
942 ## - ДОПОЛНИТЕЛЬНЫЕ ЭЛЕМЕНТЫ ЗАПИСИ (АБИС)
Тип экземпляра АБИС Книга
980 ## - КОЛЛЕКЦИЯ
Название коллекции Национальная библиография
Экземпляры
Тип экземпляра Дата поступления Библиотека постоянного хранения Библиотека текущего хранения Место хранения Шифр хранения Штрих-код Статус не для выдачи
Книга 02.02.2023 РНБ (Садовая) РНБ (Садовая) Русский книжный фонд -Главное здание, Ленинский читальный зал 20.48.5.4 (4) ERR-272074  
Книга 02.02.2023 РНБ (Садовая) РНБ (Садовая) Русский книжный фонд -Главное здание, Ленинский читальный зал МБР-I-3745 (4) ERR-272075